000 00584nam a2200241Ia 4500
003 OSt
005 20221005131114.0
006 a|||||r|||| 00| 0
007 ta
008 221004b |||||||| |||| 00| 0 kan d
024 _a61026
037 _cTextual
040 _aCRL
_cCRL
_bkan
041 _2kan
_akan
082 _aO33,1NDI,1, J3
100 _aDixit Au.
_9227004
245 0 _aSereyalu
260 _c1953
650 _a KANNAD POETRY
650 _aKANNAD LITERATURE
942 _hO33,1NDI,1, J3
_cTEXL
_2cc
999 _c1059333
_d1059333